00000000nas 2200000zi 4500
0019.501350
003CaOODSP
00520250326151545
006m     o  d f      
007cr cn ||||||||
008150406c19999999onc x p o s  f0   b0fre|d
022 |a1481-9007
040 |aCaOODSP|bfre|erda|cCaOODSP
043 |an-cn---
0861 |aCS21-004F-PDF
2100 |aRegards ind. agro-aliment. communauté agric. |b(En ligne)
222 0|aRegards sur l'industrie agro-alimentaire et la communauté agricole |b(En ligne)
24500|aRegards sur l'industrie agro-alimentaire et la communauté agricole.
264 1|aOttawa (Ontario) : |bStatistique Canada = Statistique Canada, |c[1999]-
310 |aIrrégulier
336 |atexte|btxt|2rdacontent/fre
337 |ainformatique|bc|2rdamedia/fre
338 |aressource en ligne|bcr|2rdacarrier/fre
3621 |aParaît depuis : Mars 1999.
500 |aPublié aussi en anglais sous le titre : VISTA on the agri-food industry and the farm community.
500 |aChaque numéro comporte aussi un titre distinct.
515 |aSuspendu de 2020-2022.
5203 |aRenferme plusieurs courts articles mettant en lumière des renseignements statistiques ayant pour thèmes l'agriculture, l'alimentation et les problèmes ruraux. De plus, on y retrouve des indicateurs courants de l'activité agricole, une liste des personnes-ressources et un calendrier des prochaines diffusions statistiques.
550 |aPublié par : Statistique Canada, Division de l'agriculture.
588 |aDescription d'après : Mars 1999; titre de départ du fichier PDF.
588 |aDernière livraison consultée : le 30 novembre 2023.
650 6|aIndustries agricoles|zCanada|vPériodiques.
650 6|aAgriculture|xAspect économique|zCanada|vStatistiques|vPériodiques.
650 6|aVie à la ferme|zCanada|vPériodiques.
650 6|aAliments|xIndustrie et commerce|xAspect économique|zCanada|vStatistiques|vPériodiques.
655 7|aPériodiques|2rvmgf
7101 |aCanada. |bStatistique Canada. |bDivision de l'agriculture, |eorganisme de publication.
77508|tVISTA on the agri-food industry and the farm community.|w(CaOODSP)9.504952
78000|tVISTA on the agri-food industry and the farm community.|w(CaOODSP)9.835501